000 01241nam a2200349Ia 4500
003 GCL
008 140319s9999 xx 000 0 ara d
040 _aGCL /
_cGCL
082 0 4 _a909
_bت ت
100 1 _aنقولا زيادة
245 1 0 _aتاريخ البشرية /
_cنقولا زيادة
700 1 _aتوينبى، ارنولد
260 _aبيروت :
_bالاهلية للنشر والتوزيع ،
_c2004
300 _a640 ص ؛
_c24 سم
650 0 4 _aالحضارة
650 0 4 _aالتاريخ الاسلامى
650 0 4 _aالتاريخ
650 0 4 _aالحضارة الفرعونية
650 0 4 _aالجغرافيا البشرية
650 0 4 _aالتاريخ الطبيعى
650 0 4 _aالحضارة الهيلينية
650 0 4 _aالحضارة المسيحية
650 0 4 _aالامبراطورية الرومانية
650 0 4 _aالحضارة الهندية القديمة
650 0 4 _aالعالم - تاريخ
650 0 4 _aالحضارة الصينية
650 0 4 _aالامبراطورية البيزنطية
650 0 4 _aالحضارة الفارسية
650 0 4 _aالعالم القديم - تاريخ
650 0 4 _aالتاريخ - مصادر
942 _2ddc
_cBK
999 _c9459
_d9459